La reforma tributaria frente a la economía chilena

Guardat en:
Dades bibliogràfiques
Autor principal: González Ruiz, Fernando (Autor)
Format: Llibre
Idioma:espanyol
Publicat: Santiago Del Pacífico 1962
Matèries:
Etiquetes: Afegir etiqueta
Sense etiquetes, Sigues el primer a etiquetar aquest registre!

MARC

LEADER 00000cam a2200000 a 4500
001 UCR4402
003 CL-VaPUC
008 980307e19620000CL |||||||||||||||||spa|d
082 0 4 |a 343.052  |b GON  |2 21 
100 |a González Ruiz, Fernando  |e author  |9 439887 
245 1 3 |a La reforma tributaria frente a la economía chilena 
300 |a 85 p 
942 |c BK 
945 |d 19980307 00:00:00  |a aolguin 
260 |a Santiago  |b Del Pacífico  |c 1962 
650 0 |a Reforma tributaria   |9 337444 
650 0 |a Derecho tributario  |9 258895 
650 0 |a Impuestos  |9 255450 
650 7 |a SISTEMA TRIBUTARIO  |2 CL-VaPUC  |9 404445 
650 0 |a Tributación   |9 258429 
650 0 |a Inversiones  |9 261520 
650 7 |a CREDITO PUBLICO  |2 CL-VaPUC  |9 404446 
650 0 |a Crecimiento económico   |9 314037 
650 7 |a DESVALORIZACION MONETARIA  |2 CL-VaPUC  |9 392568 
650 0 |a Evasión de impuestos  |9 306999 
651 7 |a CHILE  |2 CL-VaPUC  |9 404447 
583 |a last modification  |c 20190405 01:51:17  |k Rodrigo Vera 
999 |c 267345  |d 267343 
952 |0 0  |1 0  |4 0  |6 343_052000000000000_GON_1962  |7 0  |8 P  |9 299625  |a BIBDER  |b BIBDER  |d 2019-11-20  |i 1953214  |o 343.052 GON 1962  |p 1953214  |r 2023-01-25  |w 2019-11-20  |y BK  |k DER 
952 |0 0  |1 0  |3 erb  |4 0  |6 343_052000000000000_GON_1962  |7 0  |8 X  |9 299626  |a FDOBUD  |b FDOBUD  |i 5542081  |o 343.052 GON 1962  |p 5542081  |r 2019-11-20  |w 2019-11-20  |y BK_X  |z Catalogado en:20190409  |k BUD